000
00277nam a22001097a 4500
040
_c
SK
082
_a
338
100
_a
សរ សារុន
245
_a
អធិប្បាយទស្សនៈវិជ្ជា
260
_a
RUA
_b
សរ សារុន
_c
1974
942
_c
KB
999
_c
8421
_d
8421